Yankees Retired Numbers Quiz Stats

 Plays Quiz Updated Aug 16, 2019

Score 0/23 Timer 05:00
2 Plays Today
% Correct
Babe Ruth (3)
95.5%
Derek Jeter (2)
94.4%
Mariano Rivera (42)
92.1%
Reggie Jackson (44)
91.5%
Joe Torre (6)
90.4%
Jackie Robinson (42)
89.3%
Andy Pettitte (46)
88.4%
Joe DiMaggio (5)
88%
Yogi Berra (8)
88%
Jorge Posada (20)
87.9%
Lou Gehrig (4)
86.9%
Bernie Williams (51)
85.7%
% Correct
Mickey Mantle (7)
83.6%
Don Mattingly (23)
81.9%
Thurman Munson (15)
80%
Casey Stengel (37)
79.2%
Elston Howard (32)
75.2%
Roger Maris (9)
74.1%
Bill Dickey (8)
69.6%
Phil Rizzuto (10)
69.1%
Ron Guidry (49)
68.7%
Billy Martin (1)
67.6%
Whitey Ford (16)
66.5%

You're not logged in!

Compare scores with friends on all Sporcle quizzes.
OR
Log In

Sporcle TV

Today on Sporcle TV


Watch our educational content, quiz creation guides, and fun videos on Sporcle TV.

Show Comments

Extras

Top Quizzes Today


Score Distribution

Your Account Isn't Verified!

In order to create a playlist on Sporcle, you need to verify the email address you used during registration. Go to your Sporcle Settings to finish the process.

Report this User

Report this user for behavior that violates our Community Guidelines.

Details: